000 00875nam a2200265 i 4500
001 180983
003 ES-MaACL
005 20250814054354.0
008 120927s2011 sp a |||| |dspa d
020 _a978-84-92984-36-7
080 _a061.236.6
100 1 _aGonzález Rodríguez, Diego,
_d1987-
_9151453
245 1 3 _aLa masonería en la construcción de sociedades /
_cDiego González Rodríguez.
246 3 4 _iSubtítulo de cubierta
_aIdeas masónicas para un mundo en crisis
250 _a1ª ed.
260 _a[Oviedo] :
_bMasonica.es,
_c2011.
300 _a227 p. :
_bretr. ;
_c21 cm.
490 1 _aSerie roja
610 2 4 _aMasonería
_95658
830 0 _aSerie roja
_9191394
852 _aES-MaACL
_jA-12205
_9187864
_bR.147039
_cDEPO1
_dOlim: N-5210
942 _2udc
_cMONOGRAFIA
999 _c180983
_d180983